Normale Ansicht MARC-Ansicht ISBD

Weder Stand noch Klasse : (Titelsatznr. 37114)

[ MARC ]
MARC-Details
000 -Satzkennung
Kontrollfeld mit fester Länge 00842nam a22002411c 4500
001 - Kontrollnummer
Kontrollfeld a987674005
008 - Feld mit fester Länge zur physischen Beschreibung - Allgemeine Angaben
Kontrollfeld mit fester Länge 150630s1990 gw a||| 000u ger d
020 ## - Internationale Standardbuchnummer
Internationale Standardbuchnummer 380120152x
Verknüpfung 3-8012-0152-x
041 ## - Sprachcode
Sprachcode des Textes/der Tonspur oder des separaten Titels ger
040 ## - Katalogisierungsquelle
Übertragungsstelle RU-10907106
003 - Kontrollnummer Identifier
Kontrollfeld RU-10907106
100 1# - Haupteintragung - Personenname
Personenname Kocka, Jürgen
245 00 - Titel
Titel Weder Stand noch Klasse :
Zusatz zum Titel Unterschichten um 1800 /
Verfasserangabe etc. Jürgen Kocka
264 ## - Produktion, Veröffentlichung, Distribution, Herstellung und Urheberrechtsvermerk
Herstellungs-, Veröffentlichungs- Vertriebs-, Erzeugungsort Bonn :
Produzent, Herausgeber, Distributor, Hersteller Dietz,
Datum der Herstellung, der Veröffentlichung, des Vertriebs oder des Urheberschutzvermerks 1990
300 ## - Physische Beschreibung
Umfang 320 S. : ill + Ill
336 ## - Inhaltstyp
Inhaltstypterm Text
Inhaltstypcode txt
Quelle rdacontent
337 ## - Medientyp
Bezeichnung des Medientyps Computermedien
Medientypcode c
Quelle rdamedia
338 ## - Datenträgertyp
Datenträgertypbezeichnung Online-Ressource
Datenträgertypcode cr
Quelle rdacarrier
490 #0 - Gesamttitelangabe
Gesamttitelangabe Geschichte der Arbeiter und der Arbeiterbewegung in Deutschland seit dem Ende des 18. Jahrhunderts
Bandnummer/Folgebezeichnung 1
500 ## - Allgemeine Fußnote
Allgemeine Fußnote Online Ressource, frei zugänglich
856 4# - Elektronische Adresse und Zugriff
URL <a href="http://nbn-resolving.de/urn/resolver.pl?urn=urn:nbn:de:bvb:12-bsb00082217-7">http://nbn-resolving.de/urn/resolver.pl?urn=urn:nbn:de:bvb:12-bsb00082217-7</a>
942 ## - Zusätzliche Felder (Koha)
Koha-Medientyp E-Books
Exemplare
Ausgeschieden Verloren Beschädigt Nicht entleihbar Heimatbibliothek Aufenthaltsbibliothek Aufstellungsort Erwerbungsdatum Inventarnummer Signatur Barcode Letzte Aktivität Preis gültig von Koha-Medientyp
        MWN Osteuropa MWN Osteuropa Online-Ressource 30/06/2015 15-e00186 Digierß E-15-e00186 | D 40 f Kock 7 37118 18/03/2021 22/03/2021 E-Books